Southville International School and Colleges
Your cart is empty.
  • Cart
  • Lists
    Public lists Eva Luna New books Lux_list list_1
    Your lists Log in to create your own lists
  • Log in to your account
  • Your cookies
  • Search history
Southville International School and Colleges
  • Advanced search
  • Recent comments
  • Most popular
  • Libraries

Log in to your account

Log in with GOOGLE


If you do not have an external account, but do have a local account, you can still log in:

  1. Home
  2. MARC view: Panitikan sa Pilipinas /
Normal view MARC view ISBD view

Panitikan sa Pilipinas / (Record no. 292196)

[ view plain ]
MARC details
000 -LEADER
fixed length control field 00670nam a2200229Ia 4500
008 - FIXED-LENGTH DATA ELEMENTS--GENERAL INFORMATION
fixed length control field 160319s9999 xx 000 0 und d
020 ## - INTERNATIONAL STANDARD BOOK NUMBER
International Standard Book Number 9712330583
050 ## - LIBRARY OF CONGRESS CALL NUMBER
Classification number 808.9
050 ## - LIBRARY OF CONGRESS CALL NUMBER
Item number R896p 2001
100 ## - MAIN ENTRY--PERSONAL NAME
Personal name Rubin, Ligaya Tiamson
245 ## - TITLE STATEMENT
Title Panitikan sa Pilipinas /
245 ## - TITLE STATEMENT
Statement of responsibility, etc Ligaya Tiamson Rubin,...(et al.)
250 ## - EDITION STATEMENT
Edition statement Unang edisyon 2001
260 ## - PUBLICATION, DISTRIBUTION, ETC. (IMPRINT)
Place of publication, distribution, etc Manila :
260 ## - PUBLICATION, DISTRIBUTION, ETC. (IMPRINT)
Name of publisher, distributor, etc Published and distributed by Rex Book Store,
260 ## - PUBLICATION, DISTRIBUTION, ETC. (IMPRINT)
Date of publication, distribution, etc 2001
300 ## - PHYSICAL DESCRIPTION
Extent xxii, 372 pages :
500 ## - GENERAL NOTE
General note Includes bibliographical references(p. 358-370)
650 ## - SUBJECT ADDED ENTRY--TOPICAL TERM
Topical term or geographic name as entry element Literature -- Philippines --
650 ## - SUBJECT ADDED ENTRY--TOPICAL TERM
Topical term or geographic name as entry element Panitikan -- Kasaysayan.
650 ## - SUBJECT ADDED ENTRY--TOPICAL TERM
General subdivision History.
Holdings
Withdrawn status Lost status Damaged status Home library Current library Shelving location Date acquired Total Checkouts Full call number Barcode Date last seen Price effective from Koha item type
      Stonyhurst Southville International School (Batangas) Stonyhurst Southville International School (Batangas) Filipiniana Section 03/19/2016   Fil 808.9 R896p 2001 US 0889 03/19/2016 03/19/2016 Books

Panitikan sa Pilipinas /

APA

Rubin L. T., .Panitikan sa Pilipinas. Manila: .

Chicago

Rubin Ligaya Tiamson, .Panitikan sa Pilipinas. Manila: .

Harvard

Rubin L. T., .Panitikan sa Pilipinas. Manila: .

MLA

Rubin Ligaya Tiamson, .Manila: . .

  • Place hold
  • Print
  • Cite
  • Add to your cart (remove)
  • Save record
    BIBTEX Dublin Core MARCXML MARC (non-Unicode/MARC-8) MARC (Unicode/UTF-8) MARC (Unicode/UTF-8, Standard) MODS (XML) RIS
  • More searches
    Search for this title in:
    Other Libraries (WorldCat) Other Databases (Google Scholar) Online Stores (Bookfinder.com) Open Library (openlibrary.org)

Exporting to Dublin Core...

SOUTHVILLE LIBRARY

Southville International School and Colleges Library

1281 Tropical Ave. Cor. Luxembourg St., BF Homes International, Las Pinas City

Tel. No. 8256374 / 252358 Loc. 117/146

Powered by Koha